000 00622cam a22002291 4500
001 sa 67004896
003 DLC
005 20260227112352.0
008 720308s1966 ii b 000 0 eng
010 _asa 67004896
035 _a(OCoLC)259007
040 _aDLC
_cODaWU
_dNSyU
_dDLC
042 _apremarc
050 0 0 _aHN683
_b.W34
100 1 _aWagle, N. K.
_q(Narendra K.)
245 1 0 _aSociety at the time of the Buddha.
260 _aBombay,
_bPopular Prakashan,
_c[1966]
300 _aviii, 314 p.
_c23 cm.
504 _aBibliography: p. 303-307.
651 0 _aIndia
_xSocial conditions.
730 0 _aTripitaka.
999 _c74841
_d74841